| 000 | 00994nam a2200289 i 4500 | ||
|---|---|---|---|
| 001 | 182686 | ||
| 003 | ES-MaACL | ||
| 005 | 20250823063128.0 | ||
| 008 | 131009s2008 sp a | |||||||| | spa d | ||
| 020 | _a978-84-612-3236-9 | ||
| 080 | _a159.962 | ||
| 080 | _a159.9 Mesmer, Franz Anton | ||
| 080 | _a61(430)"17/18" | ||
| 100 | 1 |
_aMontiel, Luis, _d1953- _9130113 |
|
| 245 | 1 | 0 |
_aMagnetizadores y sonámbulas en la Alemania romántica / _cLuis Montiel. |
| 260 |
_aMadrid : _bFrenia, _c2008. |
||
| 300 |
_a222 p. : _bil. ; _c20 cm. |
||
| 490 | 1 | _aHistoria y crítica de la psiquiatría | |
| 504 | _aBibliografía: p. 211-218. Índice. | ||
| 600 | 1 | 4 |
_aMesmer, Franz Anton ( _d1734-1815) _9153609 |
| 650 | 7 |
_aMagnetismo personal. _9136450 |
|
| 650 | 7 |
_aMedicina- _zAlemania _2 _9153610 |
|
| 830 | 0 |
_aHistoria y crítica de la psiquiatría _9191825 |
|
| 852 |
_aES-MaACL _jA-12842 _9189603 _bR.149055 _cDEPO1 _dOlim: N-5842 |
||
| 942 |
_2udc _cMONOGRAFIA |
||
| 999 |
_c182686 _d182686 |
||